1 film : 1 personnage - Statistiques

Statistiques générales
  • Ce quiz a été pris 74 fois
    69 depuis la dernière actualisation
  • Le résultat moyen est 4 sur 20
Statistiques - réponses
Hint Réponse % Correct
Pirates des Caraïbes Elizabeth Swann
82%
Les choristes Pierre Morhange
35%
Les aventures de Rabbi Jacob Germaine Pivert
33%
Podium Bernard Frédéric
27%
Scream Sydney Prescott
27%
Titanic Thomas Andrews
27%
La boum François Bereton
25%
Joker Murray Franklin
23%
Taxi Lilly Bertineau
20%
Bienvenue chez les ch’tis Philippe Abrams
20%
Retour vers le futur Jennifer Parker
18%
Kill Bill Elle Driver
15%
Star wars Nute Gunray
15%
Dirty Dancing Penny Johnson
15%
Les goonies Brandon Walsh
13%
Le Prénom Pierre Garraud
13%
Le silence des agneaux Buffalo Bill
10%
Léon Norman Stansfield
10%
Dieu pardonne... moi pas ! Hutch Bessy
3%
Les Valseuses Jeanne Pirolle
3%
Aucun quiz correspondant
Distribution des résultats
% des personnes avec chaque résultat
Percentile par nombre de réponses
Votre historique - résultats
Vous n’avez pas pris ce quiz depuis la dernière actualisation